000 01500cam a2200361 a 4500
999 _c3570
_d3570
001 3488923
003 GZU
005 20201202113656.0
008 941014s1995 caua b 001 0 eng
010 _a 94041296
020 _a1555426417 (acidfree paper)
040 _aDLC
_cDLC
_dDLC
050 0 0 _aHD66
_b.TEA 1995
082 0 0 _a658.4/02
_220
245 0 0 _aTeam effectiveness and decision making in organizations /
_cRichard A. Guzzo, Eduardo Salas and Associates ; foreword by Irwin L. Goldstein.
250 _a1st ed.
260 _aSan Francisco :
_bJossey-Bass,
_cc1995.
300 _axxiv, 414 p. :
_bill. ;
_c24 cm.
440 4 _aThe Jossey-Bass management series
440 4 _aThe Jossey-Bass social and behavioral science series
440 0 _aFrontiers of industrial and organizational psychology
504 _aIncludes bibliographical references and indexes.
650 0 _aTeams in the workplace.
650 0 _aGroup decision-making.
700 1 _aGuzzo, Richard A.
700 1 _aSalas, Eduardo.
856 4 2 _3Contributor biographical information
_uhttp://www.loc.gov/catdir/bios/wiley042/94041296.html
856 4 2 _3Publisher description
_uhttp://www.loc.gov/catdir/description/wiley035/94041296.html
856 4 _3Table of Contents
_uhttp://www.loc.gov/catdir/toc/onix06/94041296.html
906 _a7
_bcbc
_corignew
_d1
_eocip
_f19
_gy-gencatlg
942 _2lcc
_cBK
_h66
_iTEA
_kHD